Understanding industrial property (Record no. 78467)
[ view plain ]
| 000 -LEADER | |
|---|---|
| fixed length control field | 00773nam a2200181 a 4500 |
| 008 - FIXED-LENGTH DATA ELEMENTS--GENERAL INFORMATION | |
| fixed length control field | 090526s2009 ||||||||||||||||| || u |
| 020 ## - INTERNATIONAL STANDARD BOOK NUMBER | |
| International Standard Book Number | 9280512579 |
| 050 ## - LIBRARY OF CONGRESS CALL NUMBER | |
| Classification number | WIPO(02) |
| 110 ## - MAIN ENTRY--CORPORATE NAME | |
| Corporate name or jurisdiction name as entry element | World Intellectual Property Organization (WIPO) |
| 245 10 - TITLE STATEMENT | |
| Title | Understanding industrial property |
| 260 ## - PUBLICATION, DISTRIBUTION, ETC. | |
| Place of publication, distribution, etc. | Geneva |
| Name of publisher, distributor, etc. | WIPO |
| Date of publication, distribution, etc. | (2009) |
| 300 ## - PHYSICAL DESCRIPTION | |
| Extent | 20p. |
| 350 ## - | |
| -- | 0.00 |
| 650 ## - SUBJECT ADDED ENTRY--TOPICAL TERM | |
| Topical term or geographic name entry element | INTELLECTUAL PROPERTY RIGHTS |
| 650 ## - SUBJECT ADDED ENTRY--TOPICAL TERM | |
| Topical term or geographic name entry element | DESIGN, INDUSTRIAL |
| 995 ## - | |
| -- | SPECIAL COLLECTIONS |
| -- | 0.00 |
| -- | 03004294 |
| -- | CBU-MAIN LIBRARY (Kitwe) |
| -- | 1 |
| -- | 0.00 |
| -- | WIPO(02)2009/3A |
| -- | 1 |
| -- | AVAILABLE |
| -- | Jul 1, 2009 |
| -- | Z03004294 |
| -- | International Publications |
| 995 ## - | |
| -- | SPECIAL COLLECTIONS |
| -- | 0.00 |
| -- | 03004295 |
| -- | CBU-MAIN LIBRARY (Kitwe) |
| -- | 1 |
| -- | 0.00 |
| -- | WIPO(02)2009/3B |
| -- | 2 |
| -- | AVAILABLE |
| -- | Jul 1, 2009 |
| -- | Z03004295 |
| -- | International Publications |
| 999 ## - | |
| -- | 78467 |
| -- | 78467 |
| Withdrawn status | Lost status | Source of classification or shelving scheme | Damaged status | Not for loan | Permanent Location | Current Location | Shelving location | Date acquired | Total Checkouts | Full call number | Barcode | Date last seen | Copy number | Price effective from | Koha item type |
|---|---|---|---|---|---|---|---|---|---|---|---|---|---|---|---|
| CBU-MAIN LIBRARY, KITWE. | CBU-MAIN LIBRARY, KITWE. | 05/17/2023 | WIPO(02) | Z03004294 | 05/17/2023 | 1 | 05/17/2023 | SPECIAL COLLECTION | |||||||
| CBU-MAIN LIBRARY, KITWE. | CBU-MAIN LIBRARY, KITWE. | 05/17/2023 | WIPO(02) | Z03004295 | 05/17/2023 | 2 | 05/17/2023 | SPECIAL COLLECTION |